| 000 | 00620nam a22002177a 4500 | ||
|---|---|---|---|
| 003 | BUBTL | ||
| 008 | 171105b xxu||||| |||| 00| 0 eng d | ||
| 020 | _a81-203-1281-3 | ||
| 082 |
_a658.42 _bHOM |
||
| 100 |
_91493 _aHolt, David H. |
||
| 245 |
_aEntrepreneurship _bNew Venture Creation _cHolt, David H. |
||
| 250 | _a1st | ||
| 260 |
_aNew Delhi _bPrentice Hall _c1992 |
||
| 300 |
_a[xix] , 553p . : _bill , 22cm . _cManagement . |
||
| 500 | _aIncludes Index . | ||
| 650 | 0 |
_939 _aManagement |
|
| 700 |
_91494 _aHolt, David H. |
||
| 856 |
_k0 _l0 _yDownload |
||
| 942 |
_2ddc _cBK |
||
| 999 |
_c5539 _d5539 |
||